000 00536nam a22001817a 4500
003 OSt
005 20250329172143.0
008 250329b |||||||| |||| 00| 0 eng d
020 _a978119380480
082 _a294.52
_bMEHP
100 _aMehta, Aditi Ghosh
245 _aPlaying with the goddess(Gavri of the Mewar Bhils): Khels of the dark and the origin story, Vol.-III
260 _aNew Delhi
_bIndira Gandhi National Centre for the Arts
_c2024
300 _a396p
546 _aEnglish
650 _aReligion
942 _2ddc
_cBK
999 _c3742
_d3742